[Event "Titled Tue 17th Jun Early"]
[Site "chess.com INT"]
[Date "2025.06.17"]
[Round "9"]
[White "Lisenkov, Svyatoslav"]
[Black "Harshit, Ranjan Sahu"]
[Result "1-0"]
[WhiteTitle "CM"]
[BlackTitle "CM"]
[WhiteElo "2283"]
[BlackElo "2191"]
[WhiteFideId "34264183"]
[BlackFideId "25638815"]
[EventDate "2025.06.17"]

1. e4 c5 2. Nf3 d6 3. d4 cxd4 4. Nxd4 Nf6 5. Nc3 g6 6. Be3 Bg7 7. f3 O-O 8. Qd2
Nc6 9. g4 Be6 10. Be2 Rc8 11. h4 Nd7 12. h5 Nde5 13. Nxc6 Rxc6 14. Bh6 Qb6 15.
hxg6 fxg6 16. Bxg7 Kxg7 17. O-O-O Rfc8 18. Qh6+ Kf7 19. Qxh7+ Ke8 20. Bb5 Nc4
21. Qxg6+ Kd7 22. Rh6 Bg8 23. Bxc6+ Rxc6 24. Qf5+ e6 25. Rh7+ Bxh7 26. Qxh7+ Kc8
27. Qg8+ Kc7 28. Qg7+ Kb8 29. Na4 Qe3+ 30. Kb1 Qxf3 31. Qh8+ Rc8 32. Qd4 Qxg4
33. Nc3 e5 34. Qd3 a6 35. b3 Ne3 36. Qxe3 Rxc3 37. Qd2 Rc6 38. Qd3 Ka7 39. Kb2
Qg2 40. a4 Qf2 41. Rd2 Qc5 42. Re2 Qb4 43. Rd2 Qc5 44. Re2 Rb6 45. Qe3 Qxe3 46.
Rxe3 Rc6 47. Rd3 b5 48. axb5 axb5 49. Rd5 Kb6 50. c3 Ka6 51. Kc2 b4 52. c4 Rb6
53. Kd3 Kb7 54. c5 dxc5 55. Rxe5 Rc6 56. Kc4 Kb6 57. Rd5 Rc7 58. Rd6+ Kb7 59. e5
Rc8 60. e6 Re8 61. Kxc5 Kc7 62. Rd7+ Kc8 63. Kd6 Rh8 64. Ra7 Rh1 65. Ra4 Rd1+
66. Ke7 Rd3 67. Rxb4 Kc7 68. Rc4+ Kb6 69. b4 Rf3 70. Kd7 Rd3+ 71. Ke8 Rh3 72.
Re4 Rh7 73. e7 Kc6 74. Kf8 Rh8+ 75. Kf7 Kd5 76. e8=Q Rxe8 77. Rxe8 1-0

[Event "Titled Tue 17th Jun Early"]
[Site "chess.com INT"]
[Date "2025.06.17"]
[Round "9"]
[White "Omariev, Maksim"]
[Black "Sarquis, Maria Belen"]
[Result "0-1"]
[WhiteTitle "FM"]
[BlackTitle "WIM"]
[WhiteElo "2304"]
[BlackElo "2156"]
[WhiteFideId "4193423"]
[BlackFideId "111805"]
[EventDate "2025.06.17"]

1. h4 e5 2. h5 Nc6 3. a4 a5 4. d3 d6 5. Nc3 h6 6. e4 Nf6 7. Be2 Be7 8. Nf3 Bg4
9. Nh4 Qd7 10. Bxg4 Qxg4 11. Qxg4 Nxg4 12. Nf5 O-O 13. Nd5 Bd8 14. c3 Nf6 15.
Nxf6+ Bxf6 16. Be3 Ne7 17. g4 Rad8 18. Ke2 d5 19. Bc5 Rfe8 20. Bxe7 Bxe7 21. Ne3
c6 22. Rab1 Bg5 23. Nf5 dxe4 24. dxe4 Rd2+ 25. Kf3 Red8 26. Rhe1 R8d3+ 27. Kg2
Rc2 28. Red1 Rdd2 29. Rxd2 Bxd2 30. b4 axb4 31. Rxb4 Bxc3 32. Rxb7 Be1 33. Rb8+
Kh7 34. Rb7 Kg8 35. Rb8+ Kh7 36. Rb1 Bxf2 37. Kf3 Bc5 38. a5 Rc3+ 39. Kg2 Ra3
40. Rb8 Rxa5 41. Rb7 Ra2+ 42. Kg3 Kg8 43. Rb8+ Kh7 44. Rb7 Ra3+ 45. Kg2 Kg8 46.
Rb8+ Kh7 47. Rb7 Kg8 48. Rb8+ Kh7 49. Rc8 Ra6 50. Rc7 Ra7 51. Rxc6 Bd4 52. Kf3
Ra3+ 53. Kg2 Ra2+ 54. Kg3 Ra7 55. Rd6 Ra3+ 56. Kg2 Ra4 57. Rd5 Bb2 58. Rd7 Rxe4
59. Rxf7 Rxg4+ 60. Kh3 Rg5 61. Ne7 Rxh5+ 62. Kg4 Rg5+ 63. Kh4 e4 64. Rf8 Bf6 65.
Kh3 Bxe7 66. Rf4 e3 67. Re4 Bf6 68. Rxe3 Re5 69. Rf3 Rg5 70. Rb3 Kg6 71. Rb8 h5
72. Rb6 Kf5 73. Rb5+ Be5 74. Rb7 Rg3+ 75. Kh4 g6 76. Rb5 Rg4+ 77. Kh3 g5 78. Rb3
Rg3+ 79. Rxg3 Bxg3 80. Kg2 h4 81. Kh3 Kf4 82. Kg2 g4 83. Kh1 h3 84. Kg1 Kf3 85.
Kh1 Bf4 86. Kg1 g3 87. Kh1 g2+ 88. Kg1 Be3+ 89. Kh2 g1=Q+ 90. Kxh3 Qg3# 0-1

[Event "Titled Tue 17th Jun Early"]
[Site "chess.com INT"]
[Date "2025.06.17"]
[Round "9"]
[White "Manukian, Artak"]
[Black "Bratovic, Blaz"]
[Result "0-1"]
[BlackTitle "IM"]
[WhiteElo "2104"]
[BlackElo "2319"]
[WhiteFideId "13301373"]
[BlackFideId "14603551"]
[EventDate "2025.06.17"]

1. e4 c5 2. Nf3 d6 3. Bb5+ Nc6 4. O-O Bd7 5. Re1 Nf6 6. c3 a6 7. Bxc6 Bxc6 8. d4
Bxe4 9. Bg5 d5 10. Nbd2 Bxf3 11. Qxf3 e6 12. Rad1 cxd4 13. cxd4 Be7 14. h4 Nd7
15. Qg3 Bxg5 16. hxg5 Qe7 17. f4 h6 18. gxh6 Rxh6 19. Qxg7 Qf8 20. Qxf8+ Kxf8
21. Kf2 Nf6 22. Rh1 Rxh1 23. Rxh1 Rc8 24. Rh8+ Ng8 25. Ke3 Rc2 26. b3 Rxa2 27.
g4 Kg7 28. Rh1 Nf6 29. Rg1 b5 30. g5 Ne8 31. Rc1 Nd6 32. Kd3 Nf5 33. Rc7 Nxd4
34. Ra7 a5 35. Kxd4 Rxd2+ 36. Ke5 Re2+ 37. Kd6 Ra2 38. Ke7 a4 39. b4 a3 40. Ke8
Kg6 41. Rxf7 Rb2 42. Rf6+ Kg7 43. Rxe6 a2 44. Ra6 d4 45. f5 d3 46. Ra7+ Kg8 47.
f6 Re2+ 48. Re7 a1=Q 49. f7+ Kh7 50. f8=Q+ Rxe7+ 51. Qxe7+ Qg7 52. Qe3 Qg6+ 53.
Kd7 Qf5+ 54. Kc6 Kg6 55. Qd2 Qe4+ 56. Kc5 Qe2 57. Qf4 Qc2+ 58. Kxb5 d2 59. Qf6+
Kh5 60. Qh6+ Kg4 61. Qe6+ Qf5+ 62. Qxf5+ Kxf5 63. Kc6 d1=Q 64. b5 Qc2+ 65. Kb7
Qb3 66. b6 Qd5+ 67. Kc7 Qc5+ 68. Kb7 Kxg5 69. Ka7 Qa5+ 70. Kb7 Kf6 71. Kc6 Qc3+
72. Kd6 Qd4+ 73. Kc6 Qc4+ 74. Kd6 Qb5 75. Kc7 Qc5+ 76. Kb7 Ke7 77. Ka8 Qa5+ 78.
Kb7 Kd6 79. Kc8 Qc5+ 80. Kb7 Qc6+ 81. Ka7 Kc5 82. b7 Qa4+ 83. Kb8 Kb6 84. Kc8
Qc6+ 85. Kd8 Qxb7 86. Ke8 Kc6 0-1

[Event "Titled Tue 17th Jun Early"]
[Site "chess.com INT"]
[Date "2025.06.17"]
[Round "9"]
[White "Souleidis, Georgios"]
[Black "Bacus, Dharim"]
[Result "1/2-1/2"]
[WhiteTitle "IM"]
[BlackTitle "FM"]
[WhiteElo "2418"]
[BlackElo "2131"]
[WhiteFideId "4206827"]
[BlackFideId "5201527"]
[EventDate "2025.06.17"]

1. e4 e5 2. Nc3 Nf6 3. d4 exd4 4. Qxd4 Nc6 5. Qd3 Bb4 6. Bd2 O-O 7. O-O-O d6 8.
Qg3 Re8 9. f3 Qe7 10. h4 Qe5 11. Qxe5 Nxe5 12. h5 Be6 13. h6 g6 14. Nb5 Bxd2+
15. Rxd2 Rec8 16. b3 a6 17. Nd4 Bd7 18. Kb2 Re8 19. c4 Nc6 20. Nge2 Nxd4 21.
Nxd4 Nh5 22. Bd3 Nf4 23. Bc2 f6 24. g3 Ne6 25. Ne2 Kf7 26. Nc3 b5 27. cxb5 axb5
28. a3 Ng5 29. f4 Ne6 30. Rhd1 Bc6 31. b4 Ra7 32. Re1 Rea8 33. Ra1 Re8 34. Bd3
Rb7 35. Re1 Nd4 36. Rf1 Ne6 37. Bb1 Rd8 38. Ba2 Ke7 39. Re1 Bd7 40. Rde2 Kf7 41.
Nd5 c6 42. Nc3 Ke7 43. Rd2 f5 44. exf5 gxf5 45. Rde2 d5 46. Rd2 Kd6 47. Ne2 Re8
48. Red1 Rbb8 49. Bb1 Rf8 50. Bd3 Rbe8 51. Rc1 Rf6 52. Rcd1 Rxh6 53. Bc2 Rh2 54.
Nd4 Rxd2 55. Nxf5+ Kc7 56. Rxd2 Rf8 57. Nd4 h5 58. Nxe6+ Bxe6 59. Rh2 Bg4 60.
Kc3 Re8 61. Kd4 Re1 62. Bg6 Rd1+ 63. Kc3 Rg1 64. Bxh5 Bxh5 65. Rxh5 Rxg3+ 66.
Kd4 Rxa3 67. Rh7+ Kd6 68. Rh6+ Kd7 69. f5 Rb3 70. Rh7+ Kd6 71. Rh6+ Kd7 72. Rh7+
Ke8 73. Ke5 Rxb4 74. Rh8+ Kf7 75. Rh7+ Kf8 76. Rc7 Re4+ 77. Kf6 Ke8 78. Rxc6 Kd7
79. Rb6 b4 80. Kf7 Kc7 81. Rb5 Kc6 82. Rb8 Kc7 83. Rb5 Kc6 84. Rb8 Kc5 85. f6
Kc4 86. Kg6 b3 87. f7 Rf4 88. f8=Q Rxf8 89. Rxf8 b2 90. Rb8 Kc3 91. Kf5 d4 92.
Ke4 d3 93. Rxb2 d2 94. Rxd2 Kxd2 1/2-1/2

[Event "Titled Tue 17th Jun Early"]
[Site "chess.com INT"]
[Date "2025.06.17"]
[Round "9"]
[White "Howell, David W L"]
[Black "Villa Tornero, Alex"]
[Result "1/2-1/2"]
[WhiteTitle "GM"]
[BlackTitle "FM"]
[WhiteElo "2668"]
[BlackElo "2211"]
[WhiteFideId "410608"]
[BlackFideId "54501091"]
[EventDate "2025.06.17"]

1. c3 Nf6 2. d4 e6 3. Bg5 h6 4. Bh4 b6 5. Nd2 Bb7 6. e3 Be7 7. Ngf3 c5 8. Bd3 d6
9. a4 a6 10. O-O O-O 11. Re1 Nbd7 12. Qb3 Rb8 13. Rad1 Re8 14. h3 b5 15. axb5
axb5 16. Bb1 Bc6 17. e4 Nh5 18. Bxe7 Qxe7 19. Qc2 e5 20. Nf1 Nf4 21. Ng3 g6 22.
Qd2 cxd4 23. cxd4 Nf6 24. d5 Bd7 25. Kh2 Nh7 26. Ne2 Nxe2 27. Rxe2 Kg7 28. Rc1
Rec8 29. Ree1 Nf6 30. Qe3 Nh5 31. g3 Nf6 32. Kg2 Qd8 33. Bd3 b4 34. Nd2 Rc7 35.
Nc4 Rbc8 36. b3 Ne8 37. Qd2 Rb8 38. Ne3 h5 39. h4 Bb5 40. Bxb5 Rxb5 41. Rxc7
Qxc7 42. Nc4 Nf6 43. f3 Nd7 44. Ra1 Nc5 45. Qe3 Rb7 46. Rc1 f6 47. Nxd6 Qxd6 48.
Qxc5 Qa6 49. Qc6 Qe2+ 50. Kh3 Ra7 51. Qc2 Qxf3 52. Rd1 Ra3 53. d6 Rxb3 54. Rg1
Rc3 55. Qd2 Rd3 56. Qxb4 Qg4+ 57. Kh2 Qe2+ 58. Rg2 Qd1 59. Qb7+ Kh6 60. Qf7 Rxd6
61. Qf8+ Kh7 62. Qf7+ Kh8 63. Qxg6 Qg4 64. Qe8+ Qg8 65. Qxh5+ Qh7 66. Qf3 Kg7
67. Re2 Rd7 68. Kg2 Qg6 69. Rf2 Rd4 70. Re2 Qh7 71. Qg4+ Qg6 72. Qf3 Qh7 73. Kf2
Qg6 74. Re3 Rd2+ 75. Re2 Rd4 76. Qe3 Qg4 77. Kg2 Kg6 78. Qf3 Kh5 79. Rf2 Qxf3+
80. Rxf3 Kg6 81. Re3 Kh5 82. Kf3 Kg6 83. g4 Rd1 84. Kg2 Rd2+ 85. Kg3 Rd1 86. Rf3
Rg1+ 87. Kh3 Re1 88. h5+ Kg7 89. Ra3 Rxe4 90. Ra6 f5 91. g5 Rg4 92. Ra7+ Kg8 93.
g6 Rg5 94. Kh4 Rg4+ 95. Kh3 Rg5 96. Rh7 e4 97. Kh4 Rg4+ 98. Kh3 Rg5 99. Kh4 Rg4+
100. Kh3 Rg5 1/2-1/2

[Event "Titled Tue 17th Jun Early"]
[Site "chess.com INT"]
[Date "2025.06.17"]
[Round "9"]
[White "Deac, Bogdan-Daniel"]
[Black "Nguyen, Ngoc Truong Son"]
[Result "1/2-1/2"]
[WhiteTitle "GM"]
[BlackTitle "GM"]
[WhiteElo "2674"]
[BlackElo "2600"]
[WhiteFideId "1226380"]
[BlackFideId "12401110"]
[EventDate "2025.06.17"]

1. d4 Nf6 2. c4 e6 3. Nf3 d5 4. g3 Be7 5. Bg2 O-O 6. Nc3 dxc4 7. Ne5 c5 8. dxc5
Qxd1+ 9. Nxd1 Bxc5 10. O-O Nd5 11. Ne3 Bxe3 12. Bxe3 b5 13. a4 f6 14. Nf3 bxa4
15. Rxa4 Bd7 16. Rxc4 Bb5 17. Rc2 Nc6 18. Bc5 Rfc8 19. Rfc1 a6 20. Ba3 Kf7 21.
Nd4 Na7 22. e4 Nb6 23. Rc7+ Bd7 24. e5 Rab8 25. exf6 gxf6 26. b3 Nb5 27. Nxb5
axb5 28. Bd6 Rxc7 29. Rxc7 Rc8 30. Rb7 Rc1+ 31. Bf1 e5 32. h4 Rd1 33. Rxb6 Bh3
34. Bc5 Bxf1 35. Kh2 Be2 36. Kg2 e4 37. g4 Bxg4 38. Rxb5 Bf3+ 39. Kg3 Rg1+ 40.
Kf4 Rg4+ 41. Ke3 Rxh4 42. Bd4 Rh1 43. Rb7+ Ke6 44. Rb6+ Kd5 45. Rb5+ Kc6 46. Rf5
Rb1 47. Rxf6+ Kd5 48. Rf5+ Ke6 49. Rb5 h5 50. Rb6+ Kd5 51. Rb5+ Kc6 52. Rg5
Rxb3+ 53. Kf4 Rd3 54. Be3 Rd7 55. Rg6+ Kd5 56. Rh6 Rf7+ 57. Kg5 Ke5 58. Kg6 Rf6+
59. Kg5 Rf5+ 60. Kh4 Kd5 61. Ra6 Kc4 62. Ra4+ Kd3 63. Ra2 Rb5 64. Rd2+ Kc3 65.
Rd8 Rb1 66. Rc8+ Kd3 67. Rc1 Rb7 68. Ra1 Ke2 69. Rc1 Rg7 70. Ra1 Rg4+ 71. Kh3
Bg2+ 72. Kh2 Bf3 73. Kh3 Kd3 74. Ra3+ Kc4 75. Ra4+ Kb3 76. Ra5 Rg1 77. Kh2 Rh1+
78. Kg3 h4+ 79. Kf4 Kc2 80. Ra2+ Kb3 81. Ra8 Kc3 82. Rc8+ Kd3 83. Rd8+ Ke2 84.
Rd2+ Kf1 85. Rd8 h3 86. Rh8 h2 87. Rh7 Kg1 88. Kf5 Kg2 89. Rg7+ Kf1 90. Rh7 Ke2
91. Kf4 Kd3 92. Rh8 Kc4 93. Rh7 Kd5 94. Rh6 Kc4 95. Rh8 Kb5 96. Ke5 Kb4 97. Bf4
Kc4 98. Rxh2 Rxh2 99. Bxh2 Kd3 100. Bg3 Ke2 101. Kf4 Kf1 102. Bh4 Ke2 103. Ke5
Kf1 104. Kf4 Ke2 105. Kg3 Kf1 106. Bg5 Ke2 107. Be3 Kf1 108. Ba7 Ke2 109. Be3
Kf1 110. Ba7 Ke2 111. Be3 1/2-1/2

[Event "Titled Tue 17th Jun Early"]
[Site "chess.com INT"]
[Date "2025.06.17"]
[Round "9"]
[White "Laddha, Shubh Jayesh"]
[Black "Rustamov, Rustam"]
[Result "0-1"]
[WhiteTitle "FM"]
[BlackTitle "FM"]
[WhiteElo "2303"]
[BlackElo "2334"]
[WhiteFideId "30942799"]
[BlackFideId "13440110"]
[EventDate "2025.06.17"]

1. e4 c5 2. Nf3 d6 3. Bb5+ Bd7 4. Bxd7+ Qxd7 5. c4 Nf6 6. Nc3 e5 7. O-O Nc6 8.
a3 Be7 9. b4 b6 10. b5 Nd4 11. d3 h6 12. a4 O-O 13. Be3 a6 14. Bxd4 cxd4 15. Nd5
Nxd5 16. exd5 a5 17. Nd2 f5 18. Qh5 Bg5 19. Nf3 Bf6 20. Nd2 Rae8 21. Rae1 Bg5
22. Nf3 Bd8 23. Nh4 Bxh4 24. Qxh4 Qe7 25. Qxe7 Rxe7 26. f3 Kf7 27. Kf2 Kf6 28.
Ke2 g6 29. g3 h5 30. Kd2 h4 31. g4 Kg5 32. h3 Kf4 33. Ke2 Kg5 34. Kd2 Ref7 35.
Ke2 Kf4 36. Kf2 Rf6 37. Kg2 Kg5 38. Rc1 Re8 39. Rce1 Kf4 40. Kf2 Rf7 41. Rg1 Kg5
42. Kg2 Kh6 43. Rgf1 Rfe7 44. Re2 Rc7 45. Rfe1 Kg5 46. Kf2 Kf4 47. Kg2 Rd7 48.
Rf1 Rde7 49. Rfe1 Rc8 50. Rf1 Kg5 51. Rfe1 Rf8 52. Rf1 Ref7 53. Ref2 Rc7 54. f4+
exf4 55. Rxf4 Re7 56. gxf5 gxf5 57. Rxd4 Rfe8 58. Rdf4 Re2+ 59. R1f2 Rxf2+ 60.
Rxf2 Re3 61. Rf3 Re1 62. Rf1 Re3 63. Rf3 Re2+ 64. Rf2 Re1 65. Rf1 Re8 66. Kf3 f4
67. Rg1+ Kf5 68. Rg7 Re3+ 69. Kf2 Rxd3 70. Rd7 Rxh3 71. Rxd6 Rh2+ 72. Kf3 Rh3+
73. Kf2 Rd3 74. Rh6 h3 75. c5 bxc5 76. b6 Rb3 77. d6 Rxb6 78. Rxh3 Rxd6 79. Rh5+
Kg4 80. Rxc5 Rd2+ 81. Kf1 Kg3 82. Rg5+ Kf3 83. Kg1 Rd1+ 84. Kh2 Rd2+ 85. Kg1
Rd1+ 86. Kh2 Ra1 87. Rxa5 Kf2 88. Rb5 Ra2 89. a5 f3 90. Kh3 Ra4 91. Rb2+ Ke3 92.
Rb3+ Ke2 93. Rb2+ Kd3 94. Rb3+ Ke2 95. Rb2+ Ke3 96. Rb3+ Kf4 97. Rb5 Ra2 98.
Rb4+ Ke3 99. Rb3+ Ke2 100. Kg3 f2 0-1

[Event "Titled Tue 17th Jun Early"]
[Site "chess.com INT"]
[Date "2025.06.17"]
[Round "9"]
[White "Klukin, Kirill"]
[Black "Papaioannou, Dimitrios"]
[Result "1/2-1/2"]
[WhiteTitle "IM"]
[BlackTitle "CM"]
[WhiteElo "2401"]
[BlackElo "2206"]
[WhiteFideId "24199273"]
[BlackFideId "25865137"]
[EventDate "2025.06.17"]

1. d4 Nf6 2. Nf3 e6 3. e3 d5 4. Bd3 c5 5. b3 Nc6 6. O-O Bd6 7. Bb2 O-O 8. Nbd2
b6 9. Ne5 Bb7 10. f4 Rc8 11. a3 Ne7 12. Qf3 b5 13. dxc5 Bxc5 14. b4 Bb6 15. Kh1
Nf5 16. Rae1 Nd6 17. Ng4 Nfe4 18. Nb3 f6 19. Bd4 Nf5 20. Nf2 Bxd4 21. exd4 Rc3
22. Qd1 Nfd6 23. Nc5 Nxc5 24. dxc5 Ne4 25. Bxb5 Rxa3 26. Nxe4 dxe4 27. Qxd8 Rxd8
28. c6 a6 29. cxb7 axb5 30. Rxe4 Kf7 31. Rfe1 Ra6 32. c4 Rb6 33. c5 Rc6 34. Ra1
Rb8 35. Ra7 Ke7 36. Kg1 Kd7 37. Rd4+ Kc7 38. Ra8 Kxb7 39. Rxb8+ Kxb8 40. Rd7 Ra6
41. Rxg7 Ra4 42. Rxh7 Rxb4 43. Re7 Rxf4 44. Rxe6 b4 45. Rb6+ Kc7 46. g3 Rc4 47.
Kg2 Rxc5 48. Rxb4 Kd6 49. Re4 f5 50. Re1 Rc2+ 51. Kh3 Kd7 52. Re3 Kd6 53. Re8
Kd5 54. Re3 Kd6 55. Re1 Kd5 56. Rh1 Ke6 57. Kh4 Kf6 58. Kh3 Kg5 59. Ra1 Rb2 60.
Ra8 Rc2 61. Rg8+ Kf6 62. Rf8+ Kg6 63. Re8 Rd2 64. Re3 Kg5 65. Rc3 Re2 66. Rc4
Rb2 67. Rc8 Kg6 68. Rc1 Kg5 69. Rg1 Re2 70. Rg2 Re3 71. Rf2 Rc3 72. Kg2 Rb3 73.
Rd2 Rc3 74. h4+ Kf6 75. Rd4 Kg6 76. Kf2 Rb3 77. Rc4 Rd3 78. Kg2 Re3 79. Kh3 Rd3
80. Rc6+ Kg7 81. Kg2 Kf7 82. Kf2 Rb3 83. Rd6 Kg7 84. Re6 Kf7 85. Re3 Rb4 86. Kf3
Kf6 87. Rc3 Rd4 88. Rc6+ Ke5 89. Rc5+ Kf6 90. Ke3 Rb4 91. Rc3 Kg6 92. Kf3 Rd4
93. Rc8 Kf6 94. Rf8+ Kg6 95. Ke3 Re4+ 96. Kf2 Rc4 97. Kf3 Rc3+ 98. Kf4 Rc4+ 99.
Ke5 Re4+ 100. Kd5 Re3 101. Kd4 Re4+ 102. Kd3 Re6 103. Rd8 Re5 104. Rd4 Kh5 105.
Kd2 Re6 106. Rf4 Kg6 107. Kd3 Re5 108. Kd4 Re2 109. Rf3 Re1 110. Re3 Rf1 111.
Ke5 Kh5 112. Ke6 Kg4 113. Ke5 Rf2 114. h5 Kxh5 115. Kf6 Kg4 116. Ke5 f4 117.
gxf4 Rxf4 118. Re4 Rxe4+ 119. Kxe4 1/2-1/2

[Event "Titled Tue 17th Jun Early"]
[Site "chess.com INT"]
[Date "2025.06.17"]
[Round "9"]
[White "Ozen, Batuhan"]
[Black "Topencik, Bruno"]
[Result "1/2-1/2"]
[WhiteTitle "CM"]
[BlackTitle "FM"]
[WhiteElo "2128"]
[BlackElo "2276"]
[WhiteFideId "6345123"]
[BlackFideId "23716550"]
[EventDate "2025.06.17"]

1. c4 e6 2. g3 d5 3. Bg2 Nf6 4. Nf3 dxc4 5. O-O Nbd7 6. a4 a5 7. Qc2 Nb6 8. Na3
Bxa3 9. Rxa3 O-O 10. d3 cxd3 11. Rxd3 Qe8 12. Qxc7 Nfd5 13. Qe5 Qxa4 14. Rd4 Qe8
15. Rh4 f6 16. Qe4 f5 17. Qe5 Nd7 18. Qd4 b6 19. b3 Bb7 20. Bb2 N5f6 21. Rc1 Rd8
22. Ng5 Bxg2 23. Kxg2 h6 24. Nf3 Nc5 25. Qc4 Qe7 26. Ba3 Rc8 27. Rd4 Nfe4 28.
Qb5 Qb7 29. b4 axb4 30. Bxb4 Qc6 31. Qc4 Rfd8 32. Kg1 Rxd4 33. Nxd4 Qd5 34. Nxe6
Qxc4 35. Rxc4 Kf7 36. Nf4 Rd8 37. f3 Rd1+ 38. Kg2 Nd6 39. Rc2 Ndb7 40. Rb2 g5
41. Nh3 Rd6 42. Nf2 Ke6 43. Bc3 Nd8 44. h4 Nc6 45. hxg5 hxg5 46. Nh3 g4 47. Nf4+
Kd7 48. fxg4 fxg4 49. Kf2 Ne4+ 50. Ke3 Nxc3 51. Rxb6 Nd5+ 52. Nxd5 Rxd5 53. Kf4
Rd4+ 54. e4 Kc7 55. Rb2 Kd6 56. Rb6 Kc5 57. Rb7 Rc4 58. Rg7 Kd6 59. Rg6+ Kd7 60.
Rxg4 Ne7 61. Rg7 Rc5 62. Rh7 Ke6 63. Rh6+ Kf7 64. g4 Ng6+ 65. Kf3 Re5 66. Rh7+
Kf6 67. Ra7 Nf8 68. Ra6+ Ne6 69. Ke3 Rb5 70. Kf3 Rb3+ 71. Kf2 Ke5 72. Ke2 Nd4+
73. Kd2 Kxe4 74. g5 Rd3+ 75. Kc1 Nf3 76. g6 Ne5 77. g7 Rg3 78. Ra7 Kf5 79. Kd2
Kf6 80. Ke2 Nf7 81. Kf2 Rxg7 82. Kf3 Rg5 83. Kf4 Rb5 84. Ra6+ Ke7 85. Ke4 Nd6+
86. Kf4 Ke6 87. Ra4 Rf5+ 88. Kg4 Re5 89. Rf4 Nf7 90. Ra4 Rg5+ 91. Kf4 Rh5 92.
Ke3 Nd6 93. Ra6 Rh3+ 94. Kf4 Rh4+ 95. Kf3 Ke5 96. Ra5+ Ke6 97. Ra6 Kd5 98. Ra5+
Kc6 99. Ra6+ Kc5 100. Ra5+ Kd4 101. Ra4+ Nc4 102. Kg3 Rh8 103. Ra7 Rg8+ 104. Kf4
Rf8+ 105. Kg3 Ne5 106. Ra4+ Ke3 107. Ra3+ Nd3 108. Kg4 Rf4+ 109. Kg5 Rf8 110.
Rb3 Ke4 111. Ra3 Nc5 112. Rc3 Kd5 113. Kg6 Ne4 114. Ra3 Ke5 115. Ra5+ Ke6 116.
Ra6+ Nd6 117. Kg5 Rf5+ 118. Kg4 Rf1 119. Rb6 Ke5 120. Ra6 Ne4 121. Ra5+ Kd4 122.
Ra4+ Kd5 123. Ra5+ Ke6 124. Ra6+ Nd6 125. Rb6 Rf8 126. Ra6 Rf7 127. Rb6 Ke5 128.
Ra6 Kd5 129. Ra5+ Kd4 130. Ra4+ Nc4 131. Ra8 Ke4 1/2-1/2

[Event "Titled Tue 17th Jun Early"]
[Site "chess.com INT"]
[Date "2025.06.17"]
[Round "10"]
[White "Zmijanac, Dusko"]
[Black "Shangin, Lev"]
[Result "0-1"]
[WhiteTitle "FM"]
[WhiteElo "2007"]
[BlackElo "2169"]
[WhiteFideId "908762"]
[BlackFideId "55681085"]
[EventDate "2025.06.17"]

1. d4 Nf6 2. Bg5 Ne4 3. Bf4 d5 4. e3 c5 5. Nc3 Nxc3 6. bxc3 Qa5 7. Qd2 Nc6 8.
Nf3 e6 9. Bd3 cxd4 10. cxd4 Bb4 0-1

[Event "Titled Tue 17th Jun Early"]
[Site "chess.com INT"]
[Date "2025.06.17"]
[Round "10"]
[White "Oppezzo, Sebastian"]
[Black "Hury, Tymoteusz"]
[Result "0-1"]
[BlackTitle "CM"]
[WhiteElo "2177"]
[BlackElo "2115"]
[WhiteFideId "112321"]
[BlackFideId "21839328"]
[EventDate "2025.06.17"]

1. d4 d5 2. c4 e6 3. g3 Nf6 4. Bg2 Bb4+ 5. Nd2 O-O 6. Qc2 b6 7. Nf3 Bb7 8. O-O
Nbd7 9. a3 Bd6 10. Re1 c5 11. dxc5 Nxc5 12. b4 Nce4 13. Bb2 Rc8 14. Qb3 dxc4 0-1

[Event "Titled Tue 17th Jun Early"]
[Site "chess.com INT"]
[Date "2025.06.17"]
[Round "10"]
[White "Mafra, Kaiser Luiz"]
[Black "Liu, Casper"]
[Result "0-1"]
[WhiteTitle "CM"]
[BlackTitle "FM"]
[WhiteElo "2076"]
[BlackElo "2325"]
[WhiteFideId "2106698"]
[BlackFideId "1454153"]
[EventDate "2025.06.17"]

1. d4 Nf6 2. Nc3 c5 3. Bf4 cxd4 4. Qxd4 Nc6 5. Qa4 e5 6. Bg5 d5 7. Bxf6 gxf6 8.
O-O-O Be6 9. e3 a6 10. Nf3 b5 11. Nxb5 axb5 12. Qxb5 Qc7 13. a4 Rb8 14. Qa6 Nb4
15. Bb5+ Bd7 16. Bxd7+ Qxd7 17. Qa5 Qc6 18. Rd2 Ra8 19. Qb5 Qxb5 0-1

[Event "Titled Tue 17th Jun Early"]
[Site "chess.com INT"]
[Date "2025.06.17"]
[Round "10"]
[White "Mesquita, Eduardo Barbosa"]
[Black "Sarkar, Justin"]
[Result "0-1"]
[BlackTitle "IM"]
[WhiteElo "2014"]
[BlackElo "2284"]
[WhiteFideId "22757163"]
[BlackFideId "2010011"]
[EventDate "2025.06.17"]

1. e4 c5 2. Nf3 d6 3. d4 cxd4 4. Nxd4 Nf6 5. Nc3 a6 6. f3 e6 7. Be3 h5 8. Qd2
Be7 9. O-O-O b5 10. Kb1 Bb7 11. Bd3 Nbd7 12. h3 h4 13. Qe2 b4 14. Na4 Qa5 15. b3
Nc5 16. Nxc5 dxc5 17. e5 Nd5 18. Nb5 axb5 19. Bxb5+ Kf8 0-1

[Event "Titled Tue 17th Jun Early"]
[Site "chess.com INT"]
[Date "2025.06.17"]
[Round "10"]
[White "Miserendino, Alfredo"]
[Black "Lopez Abreu, Michel Samuel"]
[Result "1/2-1/2"]
[BlackTitle "FM"]
[WhiteElo "2032"]
[BlackElo "2038"]
[WhiteFideId "101800"]
[BlackFideId "3927903"]
[EventDate "2025.06.17"]

1. e4 e6 2. d4 d5 3. Nc3 dxe4 4. Nxe4 Nd7 5. Bd3 Ngf6 6. Qe2 Nxe4 7. Bxe4 Nf6 8.
Nf3 Nxe4 9. Qxe4 Qd5 10. Qxd5 exd5 11. Bf4 c6 12. O-O-O Be6 13. Rhe1 Be7 14. Ng5
Bxg5 15. Bxg5 O-O 16. c3 Rfe8 17. h4 Bf5 18. Kd2 f6 19. Bf4 Kf7 20. Rxe8 Rxe8
21. Re1 Rxe1 22. Kxe1 Bb1 23. a3 Bd3 24. b4 a6 25. g3 Bc4 26. a4 h6 27. a5 g5
28. hxg5 hxg5 29. Bc7 Ke6 30. Kd2 Kf5 31. f3 Bb3 32. Ke3 Bc2 33. g4+ Ke6 34. f4
gxf4+ 35. Kxf4 Be4 36. g5 fxg5+ 37. Kxg5 Kd7 38. Bb6 1/2-1/2

[Event "Titled Tue 17th Jun Early"]
[Site "chess.com INT"]
[Date "2025.06.17"]
[Round "10"]
[White "El Jawich, Amro"]
[Black "Agarwal, Amaya"]
[Result "1-0"]
[WhiteTitle "FM"]
[BlackTitle "WCM"]
[WhiteElo "2307"]
[BlackElo "2004"]
[WhiteFideId "5300380"]
[BlackFideId "48733580"]
[EventDate "2025.06.17"]

1. g3 d5 2. Bg2 e5 3. d4 exd4 4. Qxd4 Nf6 5. Bg5 c5 6. Bxf6 gxf6 7. Qxd5 Nd7 8.
Nc3 Be7 9. O-O-O Qc7 10. Nb5 Qb6 11. Nd6+ Kf8 12. Qxf7# 1-0

[Event "Titled Tue 17th Jun Early"]
[Site "chess.com INT"]
[Date "2025.06.17"]
[Round "10"]
[White "Ady, Jonathan J."]
[Black "Nikulina, Alena"]
[Result "1-0"]
[WhiteTitle "FM"]
[BlackTitle "WFM"]
[WhiteElo "2355"]
[BlackElo "1875"]
[WhiteFideId "6000240"]
[BlackFideId "4172051"]
[EventDate "2025.06.17"]

1. e4 c5 2. Nf3 e6 3. d4 cxd4 4. Nxd4 Nf6 5. Nc3 Nc6 6. Be2 Bb4 7. O-O O-O 8.
Nxc6 dxc6 9. e5 Nd5 10. Ne4 f5 11. exf6 Nxf6 12. Bd3 e5 13. Bg5 Be7 14. Qe2 Nd5
15. Qh5 g6 16. Qh6 Bxg5 17. Nxg5 Qc7 18. Rae1 Nf4 19. Bc4+ Kh8 20. Qxf8# 1-0

[Event "Titled Tue 17th Jun Early"]
[Site "chess.com INT"]
[Date "2025.06.17"]
[Round "10"]
[White "Subervi, Jonathan Sigfredo"]
[Black "Emujin Enkh-Amgalan"]
[Result "1-0"]
[WhiteTitle "FM"]
[BlackTitle "WCM"]
[WhiteElo "2059"]
[BlackElo "2022"]
[WhiteFideId "6400345"]
[BlackFideId "4908023"]
[EventDate "2025.06.17"]

1. e4 c5 2. Nf3 Nc6 3. Bb5 g6 4. Bxc6 dxc6 5. d3 Bg7 6. h3 Nf6 7. Nc3 O-O 8. Be3
b6 9. Qd2 a5 10. a4 Nd7 11. Bh6 Ba6 12. h4 e5 13. h5 Qf6 14. O-O-O c4 15. Bxg7
Qxg7 16. dxc4 Nc5 17. hxg6 fxg6 18. b3 b5 19. cxb5 Bb7 20. Qd6 1-0